Medzigeneračná solidarita a zákaz diskriminácie podľa veku

Saved in:
Bibliographic Details
Main Author: Barancová, Helena
Format: Book
Language:Slovak
Published: Plzeň Vydavatelství a nakladatelství Aleš Čeněk 2012
Series:Slovenské monografie
Subjects:
Tags: Add Tag
No Tags, Be the first to tag this record!

MARC

LEADER 00000nam a2200000 4500
001 0173786
005 20240313090055.9
020 |a 978-80-7380-393-3 
041 0 |a slo 
044 |a CZ 
245 1 0 |a Medzigeneračná solidarita a zákaz diskriminácie podľa veku  |c Helena Barancová a kolektív 
264 1 |a Plzeň  |b Vydavatelství a nakladatelství Aleš Čeněk  |c 2012 
300 |a 365 s. 
490 1 |a Slovenské monografie 
830 0 |a Slovenské monografie 
610 2 0 |a zamestnanosť 
610 2 0 |a diskriminácia 
610 2 0 |a vek 
610 2 0 |a starnutie populácie 
610 2 0 |a seniori 
610 2 0 |a práva ľudské 
610 2 0 |a právo pracovné 
610 2 0 |a politika zamestnanosti 
610 2 0 |a porovnanie medzinárodné 
610 2 0 |a Slovensko 
610 2 0 |a Európska únia 
100 1 |a Barancová, Helena